| 000 | 00712cam a2200253u 4500 | ||
|---|---|---|---|
| 999 |
_c174333 _d174333 |
||
| 001 | 9737581 | ||
| 003 | Nust | ||
| 005 | 20180724055301.0 | ||
| 008 | 820317s1944 nyu 000 0 eng | ||
| 010 | _a 44008803 | ||
| 020 |
_a9780007282395 _cRs. 260 |
||
| 038 | _aArshad | ||
| 040 |
_aDLC _cCarP _dDLC |
||
| 050 | 0 | 0 |
_aPZ3.C4637 _bDec _aPR6005.H66 |
| 082 | 0 | 0 |
_a823.912 _bCHR |
| 100 | 1 |
_aChristie, Agatha, _d1890-1976. _92976 |
|
| 245 | 1 | 0 | _aDeath comes as the end ... |
| 260 |
_aNew York, _bDodd, Mead & company, _c1944. |
||
| 300 |
_a334p, _c20 cm. |
||
| 655 | 7 |
_aDetective and mystery stories. _2gsafd _92977 |
|
| 906 |
_a0 _bcbc _cpremunv _du _encip _f19 _gy-gencatlg |
||
| 942 |
_2ddc _cBK |
||